000
00325nam a2200133Ia 4500
005
20260328101458.0
008
260328s9999||||xx |||||||||||||| ||und||
100
_a
Álvarez, Domingo
245
0
_a
El Espacio /
_c
Domingo Álvarez
260
_b
Museo de Bellas Artes
300
_a
143 p.
650
_a
ARQUITECTURA
942
_c
BK
999
_c
8884
_d
8884